El volcán, el mezcal, los comisiarios (Record no. 94723)

MARC details
000 -LEADER
campo de control de longitud fija 00486nam a2200157 i 4500
001 - NÚMERO DE CONTROL
campo de control 94723
003 - IDENTIFICADOR DE NÚMERO DE CONTROL
campo de control ES-MaACL
007 - CAMPO FIJO DE DESCRIPCIÓN FÍSICA--INFORMACIÓN GENERAL
campo de control de longitud fija t|
008 - DATOS DE LONGITUD FIJA--INFORMACIÓN GENERAL
campo de control de longitud fija 050512s1971 sp ||||1| spa d
100 1# - ENTRADA PRINCIPAL--NOMBRE DE PERSONA
Nombre de persona Lowry, Malcolm.
9 (RLIN) 74391
245 13 - MENCIÓN DEL TÍTULO
Título El volcán, el mezcal, los comisiarios
Resto del título : (dos cartas) /
Mención de responsabilidad, etc. Malcolm Lowry; [traducción de Sergio Pitol).
260 ## - PUBLICACIÓN, DISTRIBUCIÓN, ETC.
Lugar de publicación, distribución, etc. Barcelona :
Nombre del editor, distribuidor, etc. Tusquets,
Fecha de publicación, distribución, etc. 1971.
300 ## - DESCRIPCIÓN FÍSICA
Extensión 102 p. ;
Dimensiones 18 cm.
700 1# - ENTRADA AGREGADA--NOMBRE PERSONAL
Nombre de persona Pitol, Sergio.
9 (RLIN) 92416
852 ## - LOCALIZACIÓN
Ubicación ES-MaACL
Número de control de estantería E-5036
Sublocalización o colección R.77438
Holdings
Estatus retirado Estado de pérdida Estado de daño No para préstamo Biblioteca de origen Biblioteca actual Ubicación en estantería Fecha de adquisición Fuente de adquisición Total de préstamos Signatura topográfica completa Código de barras Visto por última vez Precio de reemplazo Tipo de ítem Koha
        Biblioteca del Ateneo de Madrid Biblioteca del Ateneo de Madrid Depósito 2 17/01/2008     E-5036 1098924 23/02/2023 23/02/2023 Libro impreso